|
|
|
|
| LEADER |
03468nam a22005895i 4500 |
| 001 |
978-3-642-04581-3 |
| 003 |
DE-He213 |
| 005 |
20170124055440.0 |
| 007 |
cr nn 008mamaa |
| 008 |
100301s2009 gw | s |||| 0|eng d |
| 020 |
|
|
|a 9783642045813
|9 978-3-642-04581-3
|
| 024 |
7 |
|
|a 10.1007/978-3-642-04581-3
|2 doi
|
| 040 |
|
|
|d GrThAP
|
| 050 |
|
4 |
|a QA76.76.A65
|
| 072 |
|
7 |
|a UNH
|2 bicssc
|
| 072 |
|
7 |
|a UDBD
|2 bicssc
|
| 072 |
|
7 |
|a COM032000
|2 bisacsh
|
| 082 |
0 |
4 |
|a 005.7
|2 23
|
| 245 |
1 |
0 |
|a Semantic Techniques for the Web
|h [electronic resource] :
|b The REWERSE Perspective /
|c edited by François Bry, Jan Małuszyński.
|
| 264 |
|
1 |
|a Berlin, Heidelberg :
|b Springer Berlin Heidelberg :
|b Imprint: Springer,
|c 2009.
|
| 300 |
|
|
|a XV, 377 p.
|b online resource.
|
| 336 |
|
|
|a text
|b txt
|2 rdacontent
|
| 337 |
|
|
|a computer
|b c
|2 rdamedia
|
| 338 |
|
|
|a online resource
|b cr
|2 rdacarrier
|
| 347 |
|
|
|a text file
|b PDF
|2 rda
|
| 490 |
1 |
|
|a Lecture Notes in Computer Science,
|x 0302-9743 ;
|v 5500
|
| 505 |
0 |
|
|a Hybrid Reasoning with Rules and Ontologies -- Four Lessons in Versatility or How Query Languages Adapt to the Web -- Evolution and Reactivity in the Semantic Web -- Rule-Based Policy Representations and Reasoning -- Component Models for Semantic Web Languages -- Controlled English for Reasoning on the Semantic Web -- Semantic Search with GoPubMed -- Information Integration in Bioinformatics with Ontologies and Standards.
|
| 520 |
|
|
|a The objective of this state-of-the-art survey is to give a coherent overview of the main topics and results achieved by the Network of Excellence REWERSE on "Reasoning on the Web", funded by the European Commission and Switzerland within the "6th Framework Programme" (FP6), from 2004 to 2008. The material has been organized into eight chapters, each of which addresses one of the main topics of REWERSE: hybrid reasoning with rules and ontologies, lessons in versatility or how query languages adapt to the Web, evolution and reactivity in the Semantic Web, rule-based policy representations and reasoning, component models for Semantic Web languages, controlled English for reasoning on the Semantic Web, semantic search with GoPubMed, and information integration in bioinformatics with ontologies and standards. Each chapter gives an in-depth coverage of the subject and provides an extensive bibliography with pointers to further literature.
|
| 650 |
|
0 |
|a Computer science.
|
| 650 |
|
0 |
|a Information technology.
|
| 650 |
|
0 |
|a Business
|x Data processing.
|
| 650 |
|
0 |
|a Computer communication systems.
|
| 650 |
|
0 |
|a Data mining.
|
| 650 |
|
0 |
|a Information storage and retrieval.
|
| 650 |
|
0 |
|a Artificial intelligence.
|
| 650 |
1 |
4 |
|a Computer Science.
|
| 650 |
2 |
4 |
|a Information Systems Applications (incl. Internet).
|
| 650 |
2 |
4 |
|a Information Storage and Retrieval.
|
| 650 |
2 |
4 |
|a Artificial Intelligence (incl. Robotics).
|
| 650 |
2 |
4 |
|a Computer Communication Networks.
|
| 650 |
2 |
4 |
|a Data Mining and Knowledge Discovery.
|
| 650 |
2 |
4 |
|a IT in Business.
|
| 700 |
1 |
|
|a Bry, François.
|e editor.
|
| 700 |
1 |
|
|a Małuszyński, Jan.
|e editor.
|
| 710 |
2 |
|
|a SpringerLink (Online service)
|
| 773 |
0 |
|
|t Springer eBooks
|
| 776 |
0 |
8 |
|i Printed edition:
|z 9783642045806
|
| 830 |
|
0 |
|a Lecture Notes in Computer Science,
|x 0302-9743 ;
|v 5500
|
| 856 |
4 |
0 |
|u http://dx.doi.org/10.1007/978-3-642-04581-3
|z Full Text via HEAL-Link
|
| 912 |
|
|
|a ZDB-2-SCS
|
| 912 |
|
|
|a ZDB-2-LNC
|
| 950 |
|
|
|a Computer Science (Springer-11645)
|